01712nas a2200337 a 450000100060000000300080000600500170001400800410003102000250007202000220009702000180011902000150013703500210015203500190017304000450019204900090023708200250024609600210027124501010029226000490039330000290044250000220047150503690049352002460086265000320110870000420114070000340118294200120121699900170122895201290124513353BD-RjUL20211208235436.0140612s2011 nyuanc 001 0 eng d a9781600571343 (pbk.) a1600571344 (pbk.) a9781600571336 a1600571336 a(OCoLC)505423897 a(BD-RjUL)13404 aBTCTAcBTCTAdYDXCPdHCOdTXBXLdBD-RjUL aMBUU aP 031.0205bWOR 2011 aAY 67 N5 W7 201104aThe world almanac and book of facts 2011/c[Senior Editor : Sarah Janssen; Editor : Shmuel Ross] aNew York, NY :bWorld Almanac Books,cc2011. a1008 p. :bill. c20 cm. aIncludes indexes.0 aSpecial features and year in review -- Year in pictures -- Economy, business, & energy -- Crime -- Military affairs -- Health & vital statistics -- Personalities, arts, & media -- Science & technology -- Consumer information -- U.S. facts & history -- World maps & flags -- U.S. government -- U.S. cities, states, & population -- World history & culture -- Sports. aPresents a reference with comprehensive facts and statistics on current events, people, and the countries of the world, along with original articles on recent issues and topics ranging from the Obama presidency to the global economic crisis. 0aAlmanacs, American.9108879 aJanssen, Sarah. Senior Editor9109484 a Ross, Shmuel, Editor9109485 2ddccCR c13353d13353 00102ddc405171aRUCLbRUCLcSerials d2011-02-05g0.00l0oP 031.0205 WOR 2011r2014-06-12 00:00:00tC-1w2021-12-08yCR